000
00339nam a2200133Ia 4500
008
160319s9999 xx 000 0 und d
245
_a
Songs of Love and Healing /
260
_b
Universal Records.
260
_c
2007
300
_a
1 sound disc :
300
_b
digital, stereo. ;
300
_c
4 3/4 in.
650
_a
Sacred vocal music.
999
_c
292787
_d
292787